Normal view
MARC view
- M Farooque
Entry Personal Name
001 - CONTROL NUMBER
- control field: 53600
003 - CONTROL NUMBER IDENTIFIER
- control field: NUST
005 - DATE AND TIME OF LATEST TRANSACTION
- control field: 20210421115742.0
008 - FIXED-LENGTH DATA ELEMENTS
- fixed length control field: 210421|| aca||aabn | a|a d
040 ## - CATALOGING SOURCE
- Original cataloging agency: NUST
- Transcribing agency: NUST
100 ## - HEADING--PERSONAL NAME
- Personal name: M Farooque
670 ## - SOURCE DATA FOUND
- Source citation: Work cat.: (NUST): M Farooque, Advanced Materials2007, 2007
